000 00584nam a22002057a 4500
008 150520b xxu||||| |||| 00| 0 eng d
020 _a0471151831 (hardcover : acidfree paper)
041 0 _aeng
080 _a530.1
100 _aCutnell, John D.
245 0 0 _aPhysics /
_cJohn D. Cutnell, Kenneth W. Johnson.
246 _aCutnell & Johnson physics
250 _aBotimi i gjashtë
260 _aHoboken, NJ :
_bJ. Wiley,
_cc2004
300 _a332 f
_bme il
_c29 cm.
505 _aIndex:f. A21-A31
650 _aFizika
700 _aJohnson, Kenneth W.,
_d1938-
942 _2udc
_cBK
999 _c836
_d836